Man, Nature and Environment (Record no. 39)

MARC details
000 -LEADER
Fixed length control field 00396nam a2200169 4500
003 - CONTROL NUMBER IDENTIFIER
Control field SEACOMMC
005 - DATE AND TIME OF LATEST TRANSACTION
Control field 20231010053351.0
008 - FIXED-LENGTH DATA ELEMENTS--GENERAL INFORMATION
Fixed length control field 231010b |||||||| |||| 00| 0 eng d
020 ## - INTERNATIONAL STANDARD BOOK NUMBER / ISBN
Price 95.00
040 ## - CATALOGING SOURCE
Original cataloging agency SEACOMMC
082 ## - DEWEY DECIMAL CLASSIFICATION NUMBER
Classification number 372.357
Book Number MAN
100 ## - MAIN ENTRY--PERSONAL NAME
Personal name De, Anil Kumar
245 ## - TITLE STATEMENT
Title Man, Nature and Environment
260 ## - IMPRINT
Place of publication New Delhi
Name of publisher New Age
Date of publication 2006
700 ## - ADDED ENTRY--PERSONAL NAME
Personal name Arnab Kumar de
942 ## - ADDED ENTRY ELEMENTS (KOHA)
Koha item type Books
Holdings
Withdrawn status Lost status Source of classification Damaged status Not for loan Home library Current library Date acquired Total Checkouts Call number Accession number Date last seen Copy number Price effective from Koha item type
    Dewey Decimal Classification     SEACOM MANAGEMENT COLLEGE SEACOM MANAGEMENT COLLEGE 10/10/2023   372.357 MAN 73 10/10/2023 5 10/10/2023 Books
    Dewey Decimal Classification     SEACOM MANAGEMENT COLLEGE SEACOM MANAGEMENT COLLEGE 10/10/2023   372.357 MAN 74 10/10/2023 6 10/10/2023 Books
    Dewey Decimal Classification     SEACOM MANAGEMENT COLLEGE SEACOM MANAGEMENT COLLEGE 10/10/2023   372.357 MAN 75 10/10/2023 7 10/10/2023 Books
    Dewey Decimal Classification     SEACOM MANAGEMENT COLLEGE SEACOM MANAGEMENT COLLEGE 10/10/2023   372.357 MAN 76 10/10/2023 8 10/10/2023 Books
    Dewey Decimal Classification     SEACOM MANAGEMENT COLLEGE SEACOM MANAGEMENT COLLEGE 10/10/2023   372.357 MAN 77 10/10/2023 9 10/10/2023 Books
© Seacom Engineering College, All rights reserved.    Powered by Koha